[Event "World Rapid 2017"]
[Site "Riyadh KSA"]
[Date "2017.12.26"]
[Round "1.46"]
[White "Lodhi, Mahmood"]
[Black "Bortnyk, Olexandr"]
[Result "0-1"]
[WhiteTitle "IM"]
[BlackTitle "GM"]
[WhiteElo "2347"]
[BlackElo "2610"]
[WhiteFideId "7800010"]
[BlackFideId "14120828"]
[EventDate "2017.12.26"]

1. d4 Nf6 2. Nf3 g6 3. g3 Bg7 4. Bg2 O-O 5. O-O d6 6. c4 Nbd7 7. Nc3 e5 8. e4 c6
9. d5 cxd5 10. cxd5 Qb6 11. Nd2 Nc5 12. Qe2 Bg4 13. Qe3 Rac8 14. Re1 Bd7 15. h3
Qb4 16. a3 Qd4 17. Qe2 Nd3 18. Nf3 Qc4 19. Bf1 Nxe1 20. Qxc4 Nxf3+ 21. Kg2 Rxc4
22. Bxc4 Ne1+ 23. Kh2 Rc8 24. Be2 Nc2 25. Rb1 Nd4 26. Bd3 Nf3+ 27. Kh1 Bxh3 28.
Be3 a6 29. Be2 Nd4 30. Bd3 Ng4 0-1

[Event "World Rapid 2017"]
[Site "Riyadh KSA"]
[Date "2017.12.26"]
[Round "1.47"]
[White "Alekseev, Evgeny"]
[Black "Van Foreest, Jorden"]
[Result "1-0"]
[WhiteTitle "GM"]
[BlackTitle "GM"]
[WhiteElo "2616"]
[BlackElo "2629"]
[WhiteFideId "4138147"]
[BlackFideId "1039784"]
[EventDate "2017.12.26"]

1. e4 e5 2. Nf3 Nc6 3. Bb5 a6 4. Ba4 d6 5. c3 g6 6. d4 Bd7 7. O-O Bg7 8. Be3 Nf6
9. Nbd2 O-O 10. Re1 Qe8 11. Bxc6 Bxc6 12. dxe5 Ng4 13. exd6 Nxe3 14. Rxe3 Rd8
15. e5 cxd6 16. exd6 Qd7 17. Nc4 Bb5 18. Re7 Qc6 19. Nfe5 Bxe5 20. Nxe5 Qc5 21.
Qd4 Qxd4 22. cxd4 Rxd6 23. Rxb7 Rxd4 24. h3 Rd5 25. Ng4 Rd2 26. a4 Be2 27. Nf6+
Kg7 28. Ne4 Rc2 29. Ra3 Bc4 30. Rc7 Bb3 31. Nc5 Bd5 32. Ne6+ Bxe6 33. Rxc2 Rb8
34. a5 Rb4 35. Rc6 Bc4 36. Rb6 Bb5 37. Rb7 Re4 38. Rf3 Bc4 39. Rb4 Re1+ 40. Kh2
Bb5 41. Re3 Rf1 42. Kg3 Ra1 43. Ra3 Rd1 44. Rxb5 axb5 45. a6 Rd8 46. a7 Ra8 47.
Ra6 1-0

[Event "World Rapid 2017"]
[Site "Riyadh KSA"]
[Date "2017.12.26"]
[Round "1.48"]
[White "Minko, Vladimir"]
[Black "Kasimdzhanov, Rustam"]
[Result "0-1"]
[WhiteTitle "IM"]
[BlackTitle "GM"]
[WhiteElo "2381"]
[BlackElo "2683"]
[WhiteFideId "24146706"]
[BlackFideId "14200244"]
[EventDate "2017.12.26"]

1. d4 Nf6 2. c4 e6 3. Nf3 d5 4. g3 Be7 5. Bg2 O-O 6. O-O dxc4 7. Qc2 a6 8. a4
Bd7 9. Nbd2 Bc6 10. Nxc4 Be4 11. Qd1 Nc6 12. Bf4 h6 13. Rc1 Nd5 14. Ncd2 Bh7 15.
Nc4 a5 16. Qb3 Nxf4 17. gxf4 Nb4 18. Rfd1 c6 19. Nfe5 Kh8 20. Ne3 Qe8 21. N3c4
f6 22. Nf3 Bd8 23. Ncd2 Bc7 24. e3 Rd8 25. Nc4 Rd7 26. Rd2 g5 27. fxg5 hxg5 28.
e4 Qh5 29. e5 g4 30. Ne1 fxe5 31. dxe5 Rxd2 32. Nxd2 Bb6 33. Nc4 Bxf2+ 34. Kh1
g3 0-1

[Event "World Rapid 2017"]
[Site "Riyadh KSA"]
[Date "2017.12.26"]
[Round "1.49"]
[White "Bocharov, Dmitry"]
[Black "Lam, Daniel King-wai"]
[Result "1-0"]
[WhiteTitle "GM"]
[BlackTitle "FM"]
[WhiteElo "2583"]
[BlackElo "2222"]
[WhiteFideId "4138716"]
[BlackFideId "6001238"]
[EventDate "2017.12.26"]

1. d4 e6 2. c4 c5 3. d5 exd5 4. cxd5 d6 5. Nc3 g6 6. Nf3 Bg7 7. e4 a6 8. h3 b5
9. Bd3 Ne7 10. O-O h6 11. a4 b4 12. Nb1 a5 13. Bb5+ Bd7 14. Nbd2 g5 15. Nc4 Bxb5
16. axb5 Ng6 17. Be3 O-O 18. Qc2 Qf6 19. Rxa5 Rxa5 20. Nxa5 Qxb2 21. Qxb2 Bxb2
22. Nc4 Bg7 23. Nxd6 Nd7 24. Nd2 Rb8 25. Rc1 Bf8 26. N6c4 Rxb5 27. g3 Nge5 28.
Kf1 Nd3 29. Rb1 N7e5 30. Ke2 Bg7 31. f4 1-0

[Event "World Rapid 2017"]
[Site "Riyadh KSA"]
[Date "2017.12.26"]
[Round "1.50"]
[White "Amer, Said Salim Al Maashani"]
[Black "Duda, Jan-Krzysztof"]
[Result "0-1"]
[WhiteTitle "FM"]
[BlackTitle "GM"]
[WhiteElo "2103"]
[BlackElo "2717"]
[WhiteFideId "22000100"]
[BlackFideId "1170546"]
[EventDate "2017.12.26"]

1. e4 c5 2. Nf3 Nf6 3. e5 Nd5 4. Nc3 Nxc3 5. dxc3 Nc6 6. Bc4 e6 7. Bf4 Qc7 8.
Qd2 h6 9. h4 a6 10. a4 b6 11. Qe3 Bb7 12. Rd1 Ne7 13. O-O g6 14. Rd3 Bc6 15. Ra1
Nf5 16. Qe2 Be7 17. g3 g5 18. g4 Nxh4 19. Nxh4 gxf4 20. Rh3 Rg8 21. f3 h5 22.
Kh2 Rg5 23. Re1 Bxa4 24. gxh5 Rxh5 25. Ng2 Rxh3+ 26. Kxh3 Bc6 27. Nxf4 b5 28.
Bd3 O-O-O 29. Be4 Qxe5 0-1

[Event "World Rapid 2017"]
[Site "Riyadh KSA"]
[Date "2017.12.26"]
[Round "1.51"]
[White "Vidit, Santosh Gujrathi"]
[Black "Al-Hajiri, Bader"]
[Result "1-0"]
[WhiteTitle "GM"]
[BlackTitle "FM"]
[WhiteElo "2715"]
[BlackElo "2165"]
[WhiteFideId "5029465"]
[BlackFideId "10300163"]
[EventDate "2017.12.26"]

1. Nf3 Nf6 2. c4 c6 3. Nc3 d5 4. e3 e6 5. b3 Nbd7 6. Qc2 Bd6 7. Bb2 O-O 8. d4
Qe7 9. Be2 b6 10. O-O Bb7 11. Rad1 Rac8 12. Qb1 Rfd8 13. Rfe1 c5 14. cxd5 cxd4
15. Nxd4 Bb4 16. dxe6 Bxc3 17. Bxc3 Rxc3 18. exd7 Rxd7 19. Qb2 Rxe3 20. fxe3
Qxe3+ 21. Kf1 Ne4 22. Bb5 Qf4+ 23. Nf3 Rxd1 24. Rxd1 h6 25. Rd8+ Kh7 26. Bd3 f5
27. Rd7 1-0

[Event "World Rapid 2017"]
[Site "Riyadh KSA"]
[Date "2017.12.26"]
[Round "1.52"]
[White "Al Ghamdi, Ahmed M"]
[Black "Ponkratov, Pavel"]
[Result "0-1"]
[WhiteTitle "CM"]
[BlackTitle "GM"]
[WhiteElo "2159"]
[BlackElo "2613"]
[WhiteFideId "21500150"]
[BlackFideId "4157800"]
[EventDate "2017.12.26"]

1. e4 c5 2. Nf3 b6 3. d4 cxd4 4. Nxd4 Bb7 5. Nc3 a6 6. g3 e6 7. Bg2 Nf6 8. a3
Qc7 9. O-O d6 10. Bg5 Nbd7 11. Re1 Be7 12. h3 O-O 13. Qe2 Rfe8 14. Nb3 b5 15.
Bf4 Rac8 16. Rad1 Ne5 17. Nd2 Nfd7 18. Be3 Nb6 19. Ra1 Nbc4 20. Nxc4 Nxc4 21.
Bc1 Bf6 22. Nd1 Qd7 23. c3 d5 24. b3 Na5 25. e5 Be7 26. Rb1 d4 27. Bxb7 Qxb7 28.
cxd4 Nxb3 29. Rxb3 Rxc1 30. Nc3 Rxe1+ 31. Qxe1 Rc8 32. Ne4 Qd5 33. Qe3 h6 34.
Rd3 a5 35. Kh2 b4 36. axb4 Bxb4 37. Qf4 a4 38. Rf3 Rc7 39. Qh4 a3 40. Rf6 Be7
41. Qg4 a2 42. Rxh6 a1=Q 43. Rh5 Qaxd4 0-1

[Event "World Rapid 2017"]
[Site "Riyadh KSA"]
[Date "2017.12.26"]
[Round "1.53"]
[White "Sargissian, Gabriel"]
[Black "Al Zamel, Khaled"]
[Result "1-0"]
[WhiteTitle "GM"]
[WhiteElo "2672"]
[BlackElo "1942"]
[WhiteFideId "13300881"]
[BlackFideId "21500967"]
[EventDate "2017.12.26"]

1. d4 c6 2. c4 d6 3. Nc3 Qc7 4. e4 Nf6 5. Nf3 Bg4 6. Be2 e5 7. d5 Nbd7 8. h3 Bh5
9. O-O Be7 10. Be3 O-O 11. Nd2 Bg6 12. Rc1 Rfd8 13. h4 h6 14. g3 Nf8 15. Kg2 Qd7
16. Rh1 h5 17. f3 N6h7 18. Bd3 c5 19. Bf2 a6 20. Nf1 Nf6 21. Ne3 N8h7 22. a3
Rab8 23. Qe2 Nf8 24. b4 cxb4 25. axb4 Rdc8 26. c5 dxc5 27. b5 axb5 28. Bxb5 Qc7
29. Nc4 Bd6 30. Ba4 Ra8 31. Nb5 Qd7 32. Nbxd6 Qxa4 33. Nxc8 Rxc8 34. Nb6 1-0

[Event "World Rapid 2017"]
[Site "Riyadh KSA"]
[Date "2017.12.26"]
[Round "1.54"]
[White "Al Bargi, Hassan M"]
[Black "Jobava, Baadur"]
[Result "0-1"]
[BlackTitle "GM"]
[WhiteElo "1579"]
[BlackElo "2690"]
[WhiteFideId "21501475"]
[BlackFideId "13601520"]
[EventDate "2017.12.26"]

1. d4 Nf6 2. Bf4 c5 3. d5 Qb6 4. Nc3 Qxb2 5. Bd2 Qb6 6. e4 d6 7. f4 e5 8. Nf3
exf4 9. Bxf4 Be7 10. Bc4 O-O 11. O-O Bg4 12. Qd2 Bxf3 13. Rxf3 Nbd7 14. Kh1 a6
15. Rb1 Qc7 16. Qe2 b5 17. Nxb5 axb5 18. Bxb5 Rxa2 19. Bc4 Ra4 20. Rfb3 Re8 0-1

[Event "World Rapid 2017"]
[Site "Riyadh KSA"]
[Date "2017.12.26"]
[Round "1.56"]
[White "Al Habeeb, Emad"]
[Black "Amin, Bassem"]
[Result "0-1"]
[BlackTitle "GM"]
[WhiteElo "1933"]
[BlackElo "2689"]
[WhiteFideId "21500029"]
[BlackFideId "10601457"]
[EventDate "2017.12.26"]

1. d4 e6 2. Nf3 f5 3. c4 Nf6 4. g3 Be7 5. Bg2 O-O 6. O-O d6 7. Nc3 Qe8 8. Nb5
Na6 9. a3 c6 10. Nc3 Bd8 11. Bf4 Bc7 12. b4 e5 13. Bc1 e4 14. Ng5 h6 15. Nh3 Qf7
16. d5 cxd5 17. cxd5 Bd7 18. e3 g5 19. Bb2 Rae8 20. Rc1 Bb6 21. Ne2 f4 22. gxf4
g4 23. Kh1 gxh3 24. Rg1 hxg2+ 25. Rxg2+ Kh7 26. Ng3 Bh3 27. Rg1 Bg4 0-1

[Event "World Rapid 2017"]
[Site "Riyadh KSA"]
[Date "2017.12.26"]
[Round "1.58"]
[White "Bukannan, Ahmed A"]
[Black "Demchenko, Anton"]
[Result "0-1"]
[BlackTitle "GM"]
[WhiteElo "1929"]
[BlackElo "2660"]
[WhiteFideId "21504164"]
[BlackFideId "4160258"]
[EventDate "2017.12.26"]

1. d4 Nf6 2. Nf3 g6 3. Bf4 Bg7 4. e3 d6 5. h3 O-O 6. Nbd2 b6 7. Be2 Bb7 8. O-O
Nbd7 9. c3 Ne4 10. Nxe4 Bxe4 11. Nd2 Bb7 12. Bf3 Qc8 13. Bxb7 Qxb7 14. Qf3 Qxf3
15. Nxf3 c5 16. Rfd1 Rfc8 17. a4 a6 18. Ra2 Rc7 19. Kf1 h6 20. Ke2 f5 21. Bh2
Kf7 22. a5 b5 23. Rd2 Nf6 24. dxc5 Rxc5 25. Ne1 Ne4 26. Rd1 Rc7 27. Nd3 Rxc3 28.
b4 Rc4 29. Rdd2 Nc3+ 30. Ke1 Nxa2 31. Rxa2 Bc3+ 32. Ke2 Bxb4 0-1

[Event "World Rapid 2017"]
[Site "Riyadh KSA"]
[Date "2017.12.26"]
[Round "1.59"]
[White "Volokitin, Andrei"]
[Black "Masrahi, Abdulrahman A"]
[Result "1-0"]
[WhiteTitle "GM"]
[BlackTitle "CM"]
[WhiteElo "2628"]
[BlackElo "1962"]
[WhiteFideId "14107090"]
[BlackFideId "21501564"]
[EventDate "2017.12.26"]

1. e4 e5 2. Nf3 Nc6 3. Bb5 a6 4. Ba4 Nf6 5. O-O Be7 6. d3 b5 7. Bb3 d6 8. a4 b4
9. Nbd2 Na5 10. Ba2 O-O 11. c3 c5 12. cxb4 cxb4 13. Nc4 b3 14. Bxb3 Nxb3 15.
Qxb3 Be6 16. Ng5 Bxc4 17. Qxc4 Nd7 18. Nf3 Qb8 19. b4 Rc8 20. Qb3 Nc5 21. Qa3
Ne6 22. Bd2 Qa7 23. Rfc1 g5 24. Rxc8+ Rxc8 25. Rc1 Rxc1+ 26. Qxc1 g4 27. Qc8+
Kg7 28. Be3 Qc7 29. Qxc7 Nxc7 30. Ne1 d5 31. Nc2 d4 32. Bd2 Ne6 33. Kf1 Kf8 34.
Ke2 Ke8 35. f3 h5 36. g3 Ng5 37. Bxg5 Bxg5 38. Na3 Be3 39. Nc4 Bg1 40. fxg4 hxg4
41. Kf1 1-0

[Event "World Rapid 2017"]
[Site "Riyadh KSA"]
[Date "2017.12.26"]
[Round "1.60"]
[White "Miswadah, Baha"]
[Black "Salgado Lopez, Ivan"]
[Result "0-1"]
[BlackTitle "GM"]
[WhiteElo "1877"]
[BlackElo "2644"]
[WhiteFideId "11502118"]
[BlackFideId "2257327"]
[EventDate "2017.12.26"]

1. e4 c6 2. d4 d5 3. exd5 cxd5 4. c4 Nf6 5. Nc3 g6 6. Qb3 Bg7 7. cxd5 O-O 8. Be2
Nbd7 9. Bf3 Nb6 10. Nge2 a5 11. a4 Bf5 12. O-O Bd3 13. Qd1 Ba6 14. Re1 Nbxd5 15.
Nxd5 Nxd5 16. Nc3 Nb4 17. Nb5 Qd7 18. Bg5 e6 19. Qe2 Rac8 20. Rac1 h6 21. Be3
Kh7 22. Qd2 Bxb5 23. axb5 Qxb5 24. Be2 Qd7 25. Bc4 Rfd8 26. b3 b6 27. Red1 Nd5
28. Qe2 Qe7 29. g3 h5 30. h4 Nxe3 31. fxe3 Rc7 32. Kg2 Rdc8 33. Rc2 Kg8 34. Rdc1
Bh6 35. Bd3 Rxc2 36. Rxc2 Rxc2 37. Bxc2 Qc7 38. Bd3 Qc3 39. Bc4 Qxe3 40. Qxe3
Bxe3 41. d5 exd5 42. Bxd5 Kg7 43. Kf3 Bc5 44. g4 hxg4+ 45. Kxg4 f5+ 46. Kf4 Kf6
47. Bc4 Bf2 48. h5 g5+ 49. Kf3 Bd4 50. Bd3 g4+ 51. Kg2 f4 52. h6 Kg5 53. h7 f3+
54. Kh1 g3 55. Bf1 Kh6 0-1

[Event "World Rapid 2017"]
[Site "Riyadh KSA"]
[Date "2017.12.26"]
[Round "1.61"]
[White "Li, Chao b"]
[Black "Salama, Taher"]
[Result "1-0"]
[WhiteTitle "GM"]
[WhiteElo "2732"]
[BlackElo "1769"]
[WhiteFideId "8604436"]
[BlackFideId "11502231"]
[EventDate "2017.12.26"]

1. d4 Nf6 2. c4 e6 3. g3 d5 4. Bg2 Be7 5. Nf3 Nbd7 6. O-O O-O 7. Qc2 c5 8. Rd1
Qb6 9. cxd5 exd5 10. Nc3 cxd4 11. Nxd4 Ne5 12. Bf4 Ng6 13. Be3 a6 14. Nxd5 Nxd5
15. Bxd5 Qc5 16. Qxc5 Bxc5 17. Rac1 Bd6 18. Nb3 Be7 19. Rc7 Bf6 20. Bc5 Be5 21.
Bxf8 Bxc7 22. Bc5 Ne5 23. f4 Nc6 24. Nd4 Bd7 25. Nxc6 Bxc6 26. Bxc6 bxc6 27. Rd7
Rc8 28. e4 h6 29. Kf2 g6 30. e5 Ba5 31. b4 Bc7 32. Kf3 a5 33. a3 axb4 34. axb4
h5 35. Ke4 Bb8 36. h3 Re8 37. Be7 Rc8 38. g4 hxg4 39. hxg4 Bc7 40. f5 gxf5+ 41.
gxf5 Bb6 42. Rd2 Ra8 43. Rg2+ Kh7 44. Rh2+ 1-0

[Event "World Rapid 2017"]
[Site "Riyadh KSA"]
[Date "2017.12.26"]
[Round "1.62"]
[White "Alem, Ali Hussien"]
[Black "Ni, Hua"]
[Result "0-1"]
[BlackTitle "GM"]
[WhiteElo "1745"]
[BlackElo "2671"]
[WhiteFideId "21500088"]
[BlackFideId "8601160"]
[EventDate "2017.12.26"]

1. e4 e6 2. d4 d5 3. e5 c5 4. c3 Nc6 5. Nf3 Qb6 6. Bd3 cxd4 7. cxd4 Bd7 8. Bc2
Nb4 9. Bb3 Qa6 10. Bc2 Ne7 11. Nc3 Nxc2+ 12. Qxc2 Nc6 13. a3 Rc8 14. Qe2 Qxe2+
15. Kxe2 Na5 16. Rd1 Nb3 17. Rb1 Bxa3 18. bxa3 Rxc3 19. Nd2 Nxd4+ 20. Kf1 Bb5+
21. Kg1 Ne2+ 22. Kh1 Ba4 23. Re1 Nxc1 24. Rexc1 Rxc1+ 25. Rxc1 Kd7 26. h4 Rc8
27. Rb1 b5 28. Nf3 Rc3 29. Ra1 Kc6 30. Kg1 Kc5 31. Kf1 d4 32. Nd2 Kd5 33. Nf3 d3
34. Ke1 Rc2 35. g4 Kc4 36. Ng5 d2+ 0-1

[Event "World Rapid 2017"]
[Site "Riyadh KSA"]
[Date "2017.12.26"]
[Round "1.64"]
[White "Alanazy, Mohammed"]
[Black "Adhiban, Baskaran"]
[Result "0-1"]
[BlackTitle "GM"]
[WhiteElo "1850"]
[BlackElo "2655"]
[WhiteFideId "21508488"]
[BlackFideId "5018471"]
[EventDate "2017.12.26"]

1. e4 g6 2. f4 d5 3. exd5 Nf6 4. Nf3 Nxd5 5. d4 Bg7 6. Bc4 O-O 7. O-O Nb6 8. Bb3
Na6 9. c3 c5 10. Be3 c4 11. Bc2 Nd5 12. Qd2 Bf5 13. Bxf5 gxf5 14. Qf2 e6 15.
Nbd2 Rc8 16. Rfe1 Kh8 17. Nf1 Nf6 18. Ng3 Nc7 19. h3 Ncd5 20. Bd2 Rc7 21. Ne5
Bh6 22. Qf3 Rg8 23. Rf1 Rxg3 24. Qxg3 Ne4 25. Qe1 Nxd2 26. Qxd2 f6 27. Nf3 Nxf4
28. Qf2 Rg7 29. Qh4 Rxg2+ 30. Kh1 Bg5 31. Qxf4 Bxf4 32. Kxg2 Qg8+ 33. Kf2 Qg3+
34. Ke2 Bh6 35. Rf2 Qf4 36. Rg1 Qe4+ 37. Kf1 Be3 38. Re2 Qxf3+ 0-1

[Event "World Rapid 2017"]
[Site "Riyadh KSA"]
[Date "2017.12.26"]
[Round "1.65"]
[White "Dreev, Aleksey"]
[Black "Al Juhani, Bakr"]
[Result "1-0"]
[WhiteTitle "GM"]
[WhiteElo "2653"]
[BlackElo "1854"]
[WhiteFideId "4100107"]
[BlackFideId "21500185"]
[EventDate "2017.12.26"]

1. d4 Nf6 2. Nf3 g6 3. g3 Bg7 4. Bg2 d5 5. c4 c6 6. Qb3 O-O 7. O-O Re8 8. Nc3
Na6 9. Bg5 Nc7 10. Rfd1 h6 11. Bf4 Ne6 12. Be5 Ne4 13. cxd5 Nxc3 14. dxe6 Nxe2+
15. Kh1 f6 16. Qe3 fxe5 17. dxe5 Nxg3+ 18. hxg3 Qb6 19. Nd4 c5 20. Nb3 c4 21.
Nc5 Qc7 22. f4 Rb8 23. Rac1 a6 24. Nd7 Bxd7 25. exd7 Red8 26. Rxc4 Qa5 27. Qd3
Kh8 28. Qxg6 1-0

[Event "World Rapid 2017"]
[Site "Riyadh KSA"]
[Date "2017.12.26"]
[Round "1.66"]
[White "Al Saidi, Mohammed Khalfan"]
[Black "Salem, A.R. Saleh"]
[Result "0-1"]
[BlackTitle "GM"]
[WhiteElo "1468"]
[BlackElo "2638"]
[WhiteFideId "22001271"]
[BlackFideId "9301348"]
[EventDate "2017.12.26"]

1. d4 Nf6 2. c4 g6 3. Nc3 d5 4. cxd5 Nxd5 5. e4 Nxc3 6. bxc3 Bg7 7. Bc4 c5 8.
Ne2 Nc6 9. Be3 O-O 10. O-O Na5 11. Bd3 b6 12. Qd2 e6 13. Rfd1 Bb7 14. Bh6 Rc8
15. Bxg7 Kxg7 16. Rac1 Qh4 17. Qf4 Qxf4 18. Nxf4 Rfd8 19. Ne2 Nc6 20. Bb1 cxd4
21. cxd4 Nxd4 22. Nxd4 Rxd4 23. f3 Rd2 24. Rf1 Rxc1 25. Rxc1 Ba6 26. h3 g5 27.
Kh2 Be2 28. Kg3 b5 29. h4 gxh4+ 30. Kxh4 Bc4 31. a4 Rxg2 32. axb5 Bxb5 33. Kh3
Rb2 34. Kg3 a5 35. e5 a4 36. Be4 a3 37. Rc3 a2 38. Ra3 Bc4 39. Ra7 Rb1 0-1

[Event "World Rapid 2017"]
[Site "Riyadh KSA"]
[Date "2017.12.26"]
[Round "1.67"]
[White "Socko, Bartosz"]
[Black "Al Mahmood, Salman"]
[Result "1-0"]
[WhiteTitle "GM"]
[WhiteElo "2593"]
[BlackElo "1593"]
[WhiteFideId "1107038"]
[BlackFideId "11201517"]
[EventDate "2017.12.26"]

1. d4 Nf6 2. c4 e6 3. Nf3 d5 4. g3 Be7 5. Bg2 O-O 6. O-O Nbd7 7. cxd5 exd5 8.
Qc2 c6 9. Nc3 Re8 10. Rb1 Bd6 11. b4 Nb6 12. b5 Bd7 13. bxc6 bxc6 14. Bf4 Bxf4
15. gxf4 Nc4 16. Rb3 Qc7 17. Ne5 Nd6 18. Nxd5 Nxd5 19. Bxd5 Be6 20. Qxc6 Qxc6
21. Bxc6 Bxb3 22. axb3 Rab8 23. Bxe8 Nxe8 24. Ra1 Rb7 25. Nc6 Nd6 26. Rxa7 Rxa7
27. Nxa7 Kf8 28. Nc6 Ke8 29. Ne5 f6 30. Nc4 Nb5 31. e3 Ke7 32. Kf1 Ke6 33. Ke2
Kd5 34. Kd3 Ke6 35. e4 Nc7 36. d5+ Kd7 37. b4 Nb5 38. e5 fxe5 39. fxe5 h6 40. f4
Na7 41. Nd6 h5 42. f5 h4 43. b5 Nc8 44. Nxc8 Kxc8 45. f6 gxf6 46. exf6 Kd7 47.
b6 Kd8 48. d6 Kd7 49. f7 Kxd6 50. f8=Q+ Kc6 51. Kc4 Kxb6 52. Qd6+ Kb7 53. Kb5
Ka8 54. Qe7 Kb8 55. Kb6 Ka8 56. Qf8# 1-0

[Event "World Rapid 2017"]
[Site "Riyadh KSA"]
[Date "2017.12.26"]
[Round "2.1"]
[White "Dobrov, Vladimir"]
[Black "Carlsen, Magnus"]
[Result "0-1"]
[WhiteTitle "GM"]
[BlackTitle "GM"]
[WhiteElo "2515"]
[BlackElo "2837"]
[WhiteFideId "4136594"]
[BlackFideId "1503014"]
[EventDate "2017.12.26"]

1. d4 Nf6 2. c4 e6 3. Nf3 d5 4. g3 Bb4+ 5. Nbd2 O-O 6. Bg2 b6 7. O-O Bb7 8. Ne5
Qc8 9. cxd5 Bxd5 10. e4 Bb7 11. Qc2 c5 12. Ndc4 cxd4 13. Bd2 Be7 14. Qd3 Na6 15.
Rac1 Qd8 16. Qb1 Nc5 17. Rfe1 d3 18. f3 b5 19. b4 bxc4 20. bxc5 Bxc5+ 21. Kh1
Ba6 22. Nxd3 Ba3 23. Rc3 Be7 0-1

[Event "World Rapid 2017"]
[Site "Riyadh KSA"]
[Date "2017.12.26"]
[Round "2.3"]
[White "Kasimdzhanov, Rustam"]
[Black "Grischuk, Alexander"]
[Result "0-1"]
[WhiteTitle "GM"]
[BlackTitle "GM"]
[WhiteElo "2683"]
[BlackElo "2772"]
[WhiteFideId "14200244"]
[BlackFideId "4126025"]
[EventDate "2017.12.26"]

1. e4 e5 2. Nf3 Nc6 3. Bb5 a6 4. Ba4 Nf6 5. O-O Be7 6. d3 d6 7. c3 O-O 8. Re1 b5
9. Bc2 d5 10. Nbd2 d4 11. h3 Nd7 12. Nb3 Nb6 13. cxd4 exd4 14. Bf4 a5 15. a3 a4
16. Nbd2 Na5 17. Nf1 c5 18. g4 Be6 19. Ng3 Re8 20. Nf5 Bf8 21. Qd2 Nb3 22. Bxb3
axb3 23. Rad1 Na4 24. Ng5 Qd7 25. Kh2 Rad8 26. Rg1 c4 27. dxc4 Bxf5 28. gxf5
bxc4 29. Rg3 Nc5 30. f6 g6 31. e5 Qf5 32. Rf3 h6 0-1

[Event "World Rapid 2017"]
[Site "Riyadh KSA"]
[Date "2017.12.26"]
[Round "2.6"]
[White "Inarkiev, Ernesto"]
[Black "Sargissian, Gabriel"]
[Result "0-1"]
[WhiteTitle "GM"]
[BlackTitle "GM"]
[WhiteElo "2689"]
[BlackElo "2672"]
[WhiteFideId "4162722"]
[BlackFideId "13300881"]
[EventDate "2017.12.26"]

1. e4 e5 2. Nf3 Nc6 3. Bc4 Bc5 4. O-O Nf6 5. d3 d6 6. c3 h6 7. Nbd2 a5 8. Re1
O-O 9. Nf1 Be6 10. Bb5 Ne7 11. d4 exd4 12. cxd4 Bb6 13. Ng3 Bg4 14. Be3 d5 15.
e5 Ne4 16. h3 Be6 17. Bd3 Nxg3 18. fxg3 Bf5 19. g4 Bxd3 20. Qxd3 Ng6 21. Re2 Re8
22. Rf1 Qd7 23. Qd2 Re6 24. Ref2 Rf8 25. h4 c5 26. h5 cxd4 27. Bxd4 Ne7 28. Bxb6
Rxb6 29. Qxa5 Ra6 30. Qb4 Ra4 31. Qd6 Rd8 32. b3 Rxg4 33. Qxd7 Rxd7 34. e6 Rd6
35. exf7+ Kf8 36. Re2 Re4 37. Rxe4 dxe4 38. Ne5 e3 39. Re1 Nd5 40. Rc1 Ne7 41.
g4 Re6 42. Nd7+ Kxf7 43. Kg2 Nc6 44. Nc5 Re7 45. Rf1+ Ke8 46. Rd1 e2 47. Re1 Nb4
48. Kf2 b6 49. a3 Nc2 50. Rxe2 Rxe2+ 51. Kxe2 bxc5 52. a4 Kd7 53. Kd3 Nb4+ 54.
Ke4 Kd6 55. Kf5 Nd5 56. Kg6 Nf6 57. Kxg7 Nxg4 58. Kg6 Ke6 59. Kg7 Ke7 60. Kg6
Ke6 61. Kg7 Kd6 62. Kg6 Kd5 63. Kf5 Ne5 64. a5 Nd3 65. Kg6 Kc6 66. Kxh6 Nf4 67.
Kg5 Nxh5 68. Kxh5 Kb5 69. Kg4 Kxa5 70. Kf3 Kb4 71. Ke2 Kxb3 72. Kd2 c4 73. Kc1
Kc3 0-1

[Event "World Rapid 2017"]
[Site "Riyadh KSA"]
[Date "2017.12.26"]
[Round "2.8"]
[White "Ponkratov, Pavel"]
[Black "Rapport, Richard"]
[Result "1-0"]
[WhiteTitle "GM"]
[BlackTitle "GM"]
[WhiteElo "2613"]
[BlackElo "2707"]
[WhiteFideId "4157800"]
[BlackFideId "738590"]
[EventDate "2017.12.26"]

1. g3 Nc6 2. c4 h5 3. h3 g6 4. d4 Bg7 5. Nf3 e5 6. d5 e4 7. Ng5 Ne5 8. Nxe4 Nxc4
9. Nbc3 f5 10. Bg5 Nf6 11. Qd4 Nd6 12. Bxf6 Bxf6 13. Nxf6+ Kf7 14. e4 Qxf6 15.
e5 Qg7 16. O-O-O Ne8 17. d6 cxd6 18. Bc4+ Kf8 19. Rhe1 b6 20. Bd5 Rb8 21. Qa4 a6
22. exd6 Qf6 23. Bb3 Rh7 24. Qc4 Rg7 25. Nd5 Qg5+ 26. f4 Qxg3 27. Nc7 Bb7 28.
Re7 Nxd6 29. Qd4 Nf7 30. Rxd7 Kg8 31. Ne6 Rh7 32. Qf6 Re8 33. Rd8 Bc6 34. Rxe8+
Bxe8 35. Qe7 1-0

[Event "World Rapid 2017"]
[Site "Riyadh KSA"]
[Date "2017.12.26"]
[Round "2.9"]
[White "Svidler, Peter"]
[Black "Kokarev, Dmitry"]
[Result "1-0"]
[WhiteTitle "GM"]
[BlackTitle "GM"]
[WhiteElo "2765"]
[BlackElo "2615"]
[WhiteFideId "4102142"]
[BlackFideId "4132181"]
[EventDate "2017.12.26"]

1. Nf3 Nf6 2. g3 g6 3. b3 Bg7 4. Bb2 O-O 5. Bg2 c5 6. c4 Nc6 7. O-O d6 8. d4
cxd4 9. Nxd4 Bd7 10. Nc3 Nxd4 11. Qxd4 Bc6 12. Qd3 Bxg2 13. Kxg2 Qa5 14. Rac1 a6
15. a4 Rac8 16. e4 Qb4 17. Na2 Qa5 18. Bc3 Qc5 19. Nb4 Nxe4 20. Qxe4 Bxc3 21.
Nd5 Bf6 22. Nxf6+ exf6 23. Qxb7 Rb8 24. Qf3 Rb6 25. Rfd1 f5 26. Rd5 Qa3 27. Rc3
Rfb8 28. Rdd3 Qc5 29. Re3 h5 30. h4 Qa3 31. Rcd3 Kg7 32. Qf4 Kg8 33. Re7 R6b7
34. Rxb7 Rxb7 35. Rxd6 Qxb3 36. Rd8+ Kg7 37. Qe5+ 1-0